আমার দেবোত্তর সম্পত্তি / (Record no. 38928)
[ view plain ]
| 000 -LEADER | |
|---|---|
| fixed length control field | 00993nam a2200241 a 4500 |
| 001 - CONTROL NUMBER | |
| control field | 38928 |
| 003 - CONTROL NUMBER IDENTIFIER | |
| rucl marc code | BD-RjUL |
| 005 - DATE AND TIME OF LATEST TRANSACTION | |
| control field | 20211209052902.0 |
| 008 - FIXED-LENGTH DATA ELEMENTS--GENERAL INFORMATION | |
| fixed length control field | 160323r20131994ii ||||| |||| 00| 0aben d |
| 020 ## - INTERNATIONAL STANDARD BOOK NUMBER | |
| International Standard Book Number | 8172152981 |
| Terms of availability | : Tk. 550.00 |
| 035 ## - SYSTEM CONTROL NUMBER | |
| System control number | (BD-RjUL)39038 |
| 040 ## - CATALOGING SOURCE | |
| Original cataloging agency | BD-RjUL |
| Language of cataloging | ben |
| Transcribing agency | BD-RjUL |
| 041 ## - LANGUAGE CODE | |
| Language code of text/sound track or separate title | ben |
| 082 ## - DEWEY DECIMAL CLASSIFICATION NUMBER | |
| Edition number | 23 |
| Classification number | 954.14031092 |
| Author mark and year | CHA 2013 |
| 100 ## - MAIN ENTRY--PERSONAL NAME | |
| Personal name | চৌধুরী, নীরদচন্দ্র |
| 9 (RLIN) | 120178 |
| 245 10 - TITLE STATEMENT | |
| Title | আমার দেবোত্তর সম্পত্তি / |
| Statement of responsibility, etc. | নীরদচন্দ্র চৌধুরী |
| 260 ## - PUBLICATION, DISTRIBUTION, ETC. (IMPRINT) | |
| Place of publication, distribution, etc. | কলকাতাঃ |
| Name of publisher, distributor, etc. | আনন্দ পাবলিশার্স প্রাইভেট লিমিটেড, |
| Date of publication, distribution, etc. | ২০১৩. |
| 300 ## - PHYSICAL DESCRIPTION | |
| Pagination | ২৯৪ পৃ.: |
| Size | ২৫ সেমি. |
| 504 ## - BIBLIOGRAPHY, ETC. NOTE | |
| Bibliography, etc | পরিশিষ্ট সংযুক্ত |
| 650 ## - SUBJECT ADDED ENTRY--TOPICAL TERM | |
| Topical term or geographic name as entry element | Historian |
| 9 (RLIN) | 120179 |
| Form subdivision | Biography |
| Geographic subdivision | India |
| Topical term or geographic name as entry element | ইতিহাসবিদ |
| 9 (RLIN) | 116539 |
| Form subdivision | জীবনী |
| Geographic subdivision | ভারত |
| 942 ## - ADDED ENTRY ELEMENTS (KOHA) | |
| Source of classification or shelving scheme | Dewey Decimal Classification |
| Koha item type | Books |
| Lost status | Source of classification or shelving scheme | Damaged status | Not for loan | Collection code | Permanent Location | Current Location | Shelving location | Date acquired | Source of acquisition | Cost, normal purchase price | Total Checkouts | Full call number | Date last seen | Copy number | Koha item type | Date checked out |
|---|---|---|---|---|---|---|---|---|---|---|---|---|---|---|---|---|
| Dewey Decimal Classification | Not For Loan | Non-fiction | Central Library, University of Rajshahi | Central Library, University of Rajshahi | Reading Room | 28/06/2015 | Batighar, Chittagong | 550.00 | B 954.14031092 CHA 2013 | 23/03/2016 | C-1 | Books | ||||
| Dewey Decimal Classification | Non-fiction | Central Library, University of Rajshahi | Central Library, University of Rajshahi | 28/06/2015 | Batighar, Chittagong | 550.00 | 1 | B 954.14031092 CHA 2013 | 13/04/2017 | C-2 | Books | 30/03/2017 | ||||
| Dewey Decimal Classification | Non-fiction | Central Library, University of Rajshahi | Central Library, University of Rajshahi | 28/06/2015 | Batighar, Chittagong | 550.00 | B 954.14031092 CHA 2013 | 23/03/2016 | C-3 | Books |